000 00262nam a22001217a 4500
008 171220b xxu||||| |||| 00| 0 eng d
041 _aeng
080 _a575
100 _a9
101 _aIMU
245 _aFIRST AID
_cBHUSHAN,V
942 _2udc
_cBK
999 _c39197
_d39197